Score 0/20 Timer 03:00
2 Plays Today
Hint 4-Letter Word % Correct
Disney's '____ and Stitch'LILO
95.7%
Seven minus sevenZERO
94.9%
Flower that grows on a padLILY
94%
Robert De ____ of 'Taxi Driver'NIRO
90.9%
El ____: Warm ocean currentNIÑO
86.8%
One of Columbus' shipsNIÑA
84.1%
Claudius filius Caesar Augustus GermanicusNERO
80.5%
____: The Warrior PrincessXENA
77.6%
____ Grey of 'The Shaggy Dog'ZENA
75.2%
Greek letter that looks like Ζ or ζZETA
73.3%
Hint 4-Letter Word % Correct
____ and Leander (Greek Myth)HERO
64.3%
'99 Red Balloons' bandNENA
55.2%
____ Nakamura (Heroes character)HIRO
47.6%
____ of Elea (Greek philosopher)ZENO
44.1%
____ Rowlands of 'The Notebook'GENA
41.2%
Randy '____' Hogan of Cheap TrickXENO
39.2%
____ of Croton (Greek Wrestler)MILO
34.9%
Publius Septimius ____ (Roman Emperor)GETA
33.3%
Joan ____ i Ferrà (Catalan artist)MIRÓ
29.8%
Titus Livius PatavinusLIVY
29.8%

Today's Daily Dose

Missing Word
'T' Pairs

Word Ladder
Game Pieces

Get the Picture
Baseball Movies

Remove Ads.
Support Sporcle.
Get the best of Sporcle when you Go Orange. This ad-free experience offers more features, more stats, and more fun while also helping to support Sporcle. Thank you for becoming a member.

You're not logged in!

Compare scores with friends on all Sporcle quizzes.
OR
Log In

Show Comments

Extras

Top Quizzes Today


Score Distribution

Your Account Isn't Verified!

In order to create a playlist on Sporcle, you need to verify the email address you used during registration. Go to your Sporcle Settings to finish the process.

Report this User

Report this user for behavior that violates our Community Guidelines.

Details: